قواعد الشبكة العربية للمعلومات لترتيب المداخل في الفهارس و الببليوغرافيات و الأدلة / (رقم التسجيلة. 60131)
[ عرض عادي ]
| 000 -LEADER | |
|---|---|
| fixed length control field | 00668nam a22001817a 4500 |
| 005 - DATE AND TIME OF LATEST TRANSACTION | |
| control field | 20251108171234.0 |
| 008 - FIXED-LENGTH DATA ELEMENTS--GENERAL INFORMATION | |
| fixed length control field | 250721s1989 xx 000 0 ara d |
| 082 14 - DEWEY DECIMAL CLASSIFICATION NUMBER | |
| Classification number | 025.322/محم |
| 100 1# - MAIN ENTRY--PERSONAL NAME | |
| Personal name | اتيم، محمود أحمد |
| 245 10 - TITLE STATEMENT | |
| Title | قواعد الشبكة العربية للمعلومات لترتيب المداخل في الفهارس و الببليوغرافيات و الأدلة / |
| 264 1# - PRODUCTION, PUBLICATION, DISTRIBUTION, MANUFACTURE, AND COPYRIGHT NOTICE | |
| Place of production, publication, distribution, manufacture | تونس : |
| Name of producer, publisher, distributor, manufacturer | جامعة الدول العربية، |
| Date of production, publication, distribution, manufacture, or copyright notice | 1989. |
| 300 ## - PHYSICAL DESCRIPTION | |
| Extent | 133ص |
| 490 0# - SERIES STATEMENT | |
| Series statement | سلسلة الأدلة العلمية ؛ 5 |
| 650 17 - SUBJECT ADDED ENTRY--TOPICAL TERM | |
| Topical term or geographic name as entry element | الفهرسة |
| 650 17 - SUBJECT ADDED ENTRY--TOPICAL TERM | |
| Topical term or geographic name as entry element | الفهرسة الوصفية |
| 942 ## - ADDED ENTRY ELEMENTS (KOHA) | |
| Source of classification or shelving scheme | Dewey Decimal Classification |
| Koha item type | كتب |
| حالة السحب | حالة الفقدان | مصدر التصنيف | حالة التلف | غير قابل للإعارة | المكتبة الرئيسية | المكتبة الحالية | موقع الرف | تاريخ التزويد | الرقم المتسلسل | Total Checkouts | رقم الإستدعاء | تاريخ آخر ظهور | تاريخ الفاتورة | نوع المادة (كوها) |
|---|---|---|---|---|---|---|---|---|---|---|---|---|---|---|
| Dewey Decimal Classification | Unchecked | مكتبة الحسن العامة | مكتبة الحسن العامة | الإعارة | 06/07/2004 | 5374 | 025.322/محم | 28/07/2025 | 06/07/2004 | كتب | ||||
| Dewey Decimal Classification | Unchecked | مكتبة حمزة العامة | مكتبة حمزة العامة | الإعارة | 06/07/2004 | 4770 | 025.322/محم | 28/07/2025 | 06/07/2004 | كتب |